| 000 | 00376cam a2200145ua 4500 | ||
|---|---|---|---|
| 041 |
_aeng _h |
||
| 082 |
_a821 _bBAU/LE |
||
| 100 | _aBaudelaire, Pierre Charles . | ||
| 245 |
_aLes fleurs du mai / _cPierre Charles Baudelaire. _hTextual Documents |
||
| 260 |
_aLondon : _bCassel and Company , _c1952. |
||
| 300 | _a238 ; . | ||
| 504 | _a | ||
| 942 | _cBK | ||
| 999 |
_c5219 _d5219 |
||